000 00826nam a2200217 i 4500
005 20160301135350.0
008 140314s2002 ck ao gr|||| 000 0 spa d
040 _aCO-BoIAVH
_cCO-BoIAVH
041 0 _aspa
044 _ack
082 0 4 _a582.16
_bA47m
100 1 _aAlvarado Zambrano, Bernabé
245 1 0 _aManejo del árbol urbano :
_baspectos generales para el mantenimiento de árboles ornamentales
_cBernabé Alvarado Zambrano .
260 _aMedellín :
_bCORANTIOQUIA:
_bIDEA:
_bAlcaldía de Medellín:
_bEmpresa de Desarrollo Urbano,
_c2002.
300 _a170 páginas :
_c27 x 21 cm.
_bIlustraciones, fotografías ;
504 _aIncluye referencias bibliográficas: página 170.
650 1 4 _aÁrboles
650 2 4 _aÁrboles ornamentales
650 2 4 _aZonas verdes
942 _cLIBRO
_2ddc
999 _c4401
_d4401